| 000 | 00599cam a2200169 4500 | ||
|---|---|---|---|
| 020 | _a0049460080 | ||
| 082 | 0 | 0 |
_a946.02 _bBUR |
| 100 | 1 |
_aBurckhardt, Titus. _928518 |
|
| 245 | 1 | 0 |
_aMoorish culture in Spain; _ctranslated [from the German] by Alisa Jaffa. |
| 260 |
_aLondon, _bAllen and Unwin, _c1972. |
||
| 300 |
_a227 p., leaf. _billus. (some col.), facsims., maps, plans. _c27 cm. |
||
| 500 | _aIllus. on lining papers. | ||
| 500 | _aTranslation of Die maurische Kultur in Spanien. | ||
| 526 |
_a0 _b0 _c0 _d946_020000000000000_BUR |
||
| 650 | 0 |
_aMuslims _zSpain _xHistory. _946551 |
|
| 942 |
_2ddc _cBK |
||
| 999 |
_c549864 _d549864 |
||